00942nam a2200241 a 4500001001000000003000500010005001700015008004100032010001100073011001100084040000900095100003400104245014200138260004100280500006000321502007700381650003100458650002000489650004900509650002600558650004600584856007000630000113269CHAP20220329144346.0170529s2016 mx a fsm |||||||spa d a109730 a110702 cCHAP1 aDurán Espinosa, Luz María10aDiseño de una planta empacadora de nopal verdura (Opuntia spp.) y estudio de mercado /h[En línea]cpor Luz María Durán Espinosa. aChapingo, Méx. :bEl autor,c2016. aPara ver el contenido del material haga clic en la liga aTesis (Ing. Agr. Esp. en Fitotecnia) -- UACH. Departamento de Fitotecnia14aNopalxComercialización.14aNopalxConsumo.14aNopalxEmpacadorasxProyectos de desarrollo.14aNopalxExportación.14aNopalxProgramas de desarrollozMéxico. aFinding aiduhttp://10.13.5.2/tesis/sist113269.pdfzTeclea aquí